000
00305nam a2200133Ia 4500
005
20251222155053.0
008
251222s9999||||xx |||||||||||||| ||spa||
082
_a
REL.105
100
_a
KARL Rahner.
245
0
_a
Curso fundamental sobre la fe
250
_a
3ra. ed.
264
_b
Herber
942
_c
LIB
999
_c
37370
_d
37370